| 000 | 00329nam a2200109Ia 4500 | ||
|---|---|---|---|
| 008 | 160909s9999 xx 000 0 und d | ||
| 100 | _aKelley, Debra Milburn | ||
| 245 | _aDialogue: A case study | ||
| 260 |
_bPepperdine University. _c2016 |
||
| 650 | _aNursing | ||
| 856 | _uhttp://pqdtopen.proquest.com/doc/1794656068.html?FMT=ABS | ||
| 999 |
_c303974 _d303974 |
||